| 000 | 00383nam a2200097Ia 4500 | ||
|---|---|---|---|
| 008 | 180130s9999 xx 000 0 und d | ||
| 245 |
_cStorey, M.A. _aLies, damned lies, and analytics: why big data needs thick data |
||
| 260 | _c2016 | ||
| 300 | _aBook title: Perspectives on data science for software engineering--Acession number C20893; pages 369-374 | ||
| 650 | _aSOFTWARE ENGINEERING | ||
| 999 |
_c354347 _d354347 |
||